| 000 | 02844nam0a2200409 4500 | ||
|---|---|---|---|
| 001 | RU\NLR\BIBL_A\016205900 | ||
| 005 | 20250624233008.0 | ||
| 010 |
_a978-5-88999-744-3 _9300 |
||
| 021 |
_aRU _b2022-68078 _9КН-П-5923 |
||
| 035 | _a(RuMoRGB)011265420 | ||
| 035 | _a(NLR Aleph) 016205900 | ||
| 090 |
_a12691652 _c12691652 |
||
| 100 | _a20221111d2021 |||y0rusy50 ca | ||
| 101 | 0 | _arus | |
| 102 | _aRU | ||
| 105 | _aa|||j||||||z| | ||
| 181 | 1 |
_ai3 _baxxe |
|
| 182 | 1 | _an | |
| 200 | 1 |
_aТравма зубов у детей _eучебно-методическое пособие _eдля студентов 4-5 курса стоматологического факультета и студентов 6 курса педиатрического факультета _fТ. Б. Никитина, Н. А. Савушкина _gФедеральное государственное бюджетное образовательное учреждение высшего образования "Первый Санкт-Петербургский государственный медицинский университет имени академика И. П. Павлова" Министерства здравоохранения Российской Федерации, Кафедра стоматологии детского возраста и ортодонтии |
|
| 203 |
_aТекст _bвизуальный _cнепосредственный |
||
| 210 |
_aСанкт-Петербург _cРИЦ ПСПбГМУ _d2021 |
||
| 215 |
_a39 с. _cил. _d21 |
||
| 300 | _aАвт. указаны на обороте тит. с. | ||
| 320 | _aБиблиогр.: с. 38 (5 назв.) | ||
| 330 | _aВ пособии упорядочены современные подходы к диагностике и лечению травмы молочных и постоянных зубов у детей | ||
| 606 | 1 |
_aЗубы детей _jУчебно-методические пособия для высших учебных заведений _xТравмы _91149118 _3RU\NLR\AUTH\66458424 |
|
| 675 |
_a616.314-001-053.2(075.8) _v4 |
||
| 686 | 1 | _aР733.665.821я73 | |
| 700 | 1 |
_7ca _8rus _aНикитина _bТ. Б. _cстоматолог _f1994- _gТатьяна Борисовна _9250974 _3RU\NLR\AUTH\770251030 |
|
| 701 | 1 |
_aСавушкина _bН. А. _gНаталья Александровна |
|
| 712 | 0 | 2 |
_4570 _aСанкт-Петербургский государственный медицинский университет им. И. П. Павлова _bКафедра стоматологии детского возраста и ортодонтии _9820795 _3RU\NLR\AUTH\880577516 |
| 942 | _cBOOK | ||
| 980 | _aNB | ||